000 00650nam a2200277Ia 4500
008 160321s9999||||xx |||||||||||||| ||und||
040 _cHindi
082 _aXI.B Satvalkar
082 _bBORI-14515
100 _aD. Satvalkar
245 _aAryakaBaghwa Dhwaj
260 _aSatara
260 _bStoadhyay Mandal
300 _a39
300 _cE
300 _ePaperback
530 _u00019302.pdf
563 _astudy
600 _aD. Satvalkar
630 _aAryakaBaghwa Dhwaj
650 _a"Social History, Culture"
650 _aGeneral Indology
700 _aD. Satvalkar
730 _aAryakaBaghwa Dhwaj
942 _cBOOK
999 _c1357574
_d1357571